LEADER 00884nam0 2200253 450 001 000002162 005 20050630115600.0 010 $a88-15-05638-6 100 $a--------g1996----km-y0itay50------ba 101 $aita 102 $aIT 200 1 $aRapporto 1996 sull'economia del mezzogiorno$fSvimez, Associazione per lo sviluppo dell'industria nel mezzogiorno 210 $aBologna$cIl Mulino$d1996 215 $a491 p.$ctab.$d22 cm 225 2 $aCollana della Svimez 410 0$12001$aCollana della Svimez 610 1 $aItalia meridionale$aEconomia$a1996 676 $a330.9457 710 02$aSvimez $0630079 801 0$aIT $bUNIPARTHENOPE $gRICA $2UNIMARC 912 $a000002162 951 $cNAVA1$aSVI.330.1996$b32565$d20001121 996 $aRapporto 1996 sull'economia del mezzogiorno$91223975 997 $aUNIPARTHENOPE LEADER 00844cam0 2200265 450 001 E600200053345 005 20210104135811.0 100 $a20090911d1977 |||||ita|0103 ba 101 $aita 102 $aIT 200 1 $aHegel e la rivoluzione francese$fJoachim Ritter 210 $aNapoli$cGuida$d1977 215 $a120 p.$d18 cm 225 2 $atascabili 410 1$1001LAEC00016342$12001 $aI *tascabili 700 1$aRitter$b, Joachim$3AF00007324$4070$0160488 801 0$aIT$bUNISOB$c20210104$gRICA 850 $aUNISOB 852 $aUNISOB$j100$m87877 912 $aE600200053345 940 $aM 102 Monografia moderna SBN 941 $aM 957 $a100$b009515$gSi$d87877$racquisto$1pregresso1$2UNISOB$3UNISOB$420090911060133.0$520210104135801.0$6Alfano 996 $aHegel und die franzosische revolution$931203 997 $aUNISOB